[Event "Pasto Futuros Maestros-A"]
[Site "Pasto"]
[Date "2023.01.14"]
[Round "4"]
[White "Basilio Santos, Eleazar"]
[Black "Cajamarca Gordillo, Sebastian Alejandro"]
[Result "1-0"]
[WhiteElo "1467"]
[BlackElo "1527"]
[PlyCount "75"]
[EventDate "2023.01.13"]
[EventType "tourn"]
[EventRounds "7"]
[EventCountry "COL"]
[SourceTitle "CBM 212 Extra"]
[Source "ChessBase"]
[SourceDate "2023.03.31"]
[SourceVersion "1"]
[SourceVersionDate "2023.03.31"]
[SourceQuality "1"]

1. d4 d5 2. Bf4 e6 3. Nf3 Bd6 4. Bg5 Nf6 5. e3 Nbd7 6. Bd3 b6 7. Nbd2 Bb7 8. c3 c5 9. Rc1 Qc7 10. 0-0 0-0 11. Re1 Ne4 12. Bh4 f5 13. c4 f4 14. exf4 Nxd2 15. Nxd2 Rxf4 16. Qh5 Nf8 17. dxc5 bxc5 18. Bg3 Rd4 19. Re3 Bxg3 20. hxg3 dxc4 21. Nxc4 Qc6 22. Bf1 Rd5 23. Ne5 Qc7 24. Bc4 g6 25. Qg5 Qd8 26. Qg4 Rd6 27. Rce1 Qf6 28. Nd3 Rc8 29. Re5 Bd5 30. Bxd5 Rcd8 31. Bxe6+ Nxe6 32. Rxe6 Rxe6 33. Rxe6 Qf8 34. Nf4 Kh8 35. Nxg6+ hxg6 36. Rxg6 Qf7 37. Qh4+ Qh7 38. Qxd8+ 1-0

[Event "Pasto Futuros Maestros-A"]
[Site "Pasto"]
[Date "2023.01.14"]
[Round "3"]
[White "Basilio Santos, Eleazar"]
[Black "Ortega Moran, Helmer Andres"]
[Result "1-0"]
[WhiteElo "1467"]
[BlackElo "1739"]
[PlyCount "61"]
[EventDate "2023.01.13"]
[EventType "tourn"]
[EventRounds "7"]
[EventCountry "COL"]
[SourceTitle "CBM 212 Extra"]
[Source "ChessBase"]
[SourceDate "2023.03.31"]
[SourceVersion "1"]
[SourceVersionDate "2023.03.31"]
[SourceQuality "1"]

1. d4 Nf6 2. Bf4 e6 3. e3 c5 4. Nf3 Nc6 5. Be2 d5 6. Nc3 Bd6 7. Bg5 h6 8. Bh4 cxd4 9. exd4 Qb6 10. Rb1 Ne4 11. 0-0 g5 12. Bg3 Nxg3 13. hxg3 g4 14. Nh4 f5 15. Nb5 Ne7 16. c4 dxc4 17. Bxc4 Bd7 18. Qe2 Kf7 19. Rfe1 Bb4 20. Nc3 Qd6 21. Nxf5 Nxf5 22. Qxg4 Qxd4 23. Qxf5+ Qf6 24. Qh5+ Kf8 25. Re3 Qg5 26. Rf3+ Ke7 27. Qf7+ Kd8 28. Rd1 Qe7 29. Bxe6 Bd6 30. Qxe7+ Kxe7 31. Bxd7 1-0

[Event "COL-ch Amateurs U1700"]
[Site "Bogota"]
[Date "2021.06.26"]
[Round "5"]
[White "Basilio Santos, Eleazar"]
[Black "Valenzuela, Juan Camilo"]
[Result "1/2-1/2"]
[WhiteElo "1433"]
[BlackElo "1654"]
[PlyCount "133"]
[EventDate "2021.06.23"]
[EventType "swiss"]
[EventRounds "7"]
[EventCountry "COL"]
[SourceTitle "CBM 203 Extra"]
[Source "ChessBase"]
[SourceDate "2021.09.30"]
[SourceVersion "1"]
[SourceVersionDate "2021.09.30"]
[SourceQuality "1"]

1. d4 d6 2. Bf4 g6 3. e3 Bg7 4. Bc4 Nd7 5. Nf3 Ngf6 6. Bxf7+ Kxf7 7. Ng5+ Kg8 8. Ne6 Qe8 9. Nxc7 Qd8 10. Nxa8 b6 11. Qf3 Kf7 12. Qc6 Ba6 13. Nxb6 Qxb6 14. Qxb6 Nxb6 15. Nd2 Rc8 16. c3 Nc4 17. Nxc4 Bxc4 18. a3 a5 19. f3 a4 20. Rd1 Nd5 21. Kf2 Nxf4 22. exf4 e6 23. Rhe1 Rb8 24. Rd2 Rb5 25. g3 Rh5 26. Kg2 Rb5 27. g4 Ra5 28. h4 Rb5 29. Rf2 Ra5 30. Kh3 Rb5 31. Rg1 Ra5 32. Rfg2 Bh6 33. Kg3 Bg7 34. Kf2 Bf6 35. Ke3 Bg7 36. Kf2 Bf6 37. Kg3 Rb5 38. Rf2 Bg7 39. Kh3 Bh6 40. Kg3 Bg7 41. Re1 Ra5 42. Rh2 Rb5 43. Rg2 Ra5 44. Reg1 Rb5 45. h5 Bf8 46. Rh1 Bg7 47. Rgh2 Bd3 48. Re1 Bc4 49. Rd2 Bf6 50. Rh1 Bg7 51. Kf2 Bf6 52. Ke1 Bg7 53. Rf2 Bf6 54. Kd1 Bb3+ 55. Kc1 Bc4 56. Kc2 Bg7 57. Rfh2 Ra5 58. Re1 Rb5 59. Re3 Ra5 60. Rh1 Rb5 61. hxg6+ hxg6 62. Rhe1 Bh6 63. g5 Bg7 64. Rh1 Rf5 65. Rh4 Rb5 66. Re1 Rf5 67. Kd1 1/2-1/2

[Event "COL-chT 21st"]
[Site "Cartagena"]
[Date "2019.11.30"]
[Round "3.3"]
[White "Basilio Santos, Eleazar"]
[Black "Martinez Paipa, Hernan"]
[Result "0-1"]
[WhiteElo "1494"]
[BlackElo "1930"]
[PlyCount "143"]
[EventDate "2019.11.30"]
[EventType "team-swiss"]
[EventRounds "9"]
[EventCountry "COL"]
[SourceTitle "CBM 195 Extra"]
[Source "ChessBase"]
[SourceDate "2020.05.31"]
[SourceVersion "1"]
[SourceVersionDate "2020.05.31"]
[SourceQuality "1"]
[WhiteTeam "Sucre"]
[BlackTeam "Norte de Santander"]
[WhiteTeamCountry "COL"]
[BlackTeamCountry "COL"]

1. e4 c6 2. Nc3 d5 3. exd5 cxd5 4. d4 Nf6 5. Bd3 Nc6 6. Nf3 Bg4 7. Be3 e6 8. h3 Bh5 9. 0-0 Bd6 10. Nb5 Bb8 11. Be2 a6 12. Nc3 0-0 13. Qd2 Bd6 14. a3 Rc8 15. Bg5 h6 16. Be3 Na5 17. b3 Nc6 18. Nd1 Bb8 19. Nh2 Bxe2 20. Qxe2 Qc7 21. f4 Ne4 22. Qf3 Ne7 23. c4 Nf5 24. c5 Nxe3 25. Nxe3 b6 26. b4 bxc5 27. bxc5 Qa5 28. Rfd1 Nc3 29. Rd3 Ne4 30. Neg4 Bc7 31. Nf1 Rb8 32. Ne5 Rb2 33. Ng3 Rf2 34. Qe3 Rc2 35. Nxe4 dxe4 36. Qxe4 Qb5 37. Rg3 Qb2 38. Rd1 Rd8 39. Ng4 Rc4 40. Nxh6+ Kf8 41. Ng4 Rcxd4 42. Rxd4 Rxd4 43. Qa8+ Ke7 44. Ne5 Bxe5 45. fxe5 Rd1+ 46. Kh2 Qxe5 47. Qb7+ Kf6 48. c6 Rd3 49. Qb2 Qxb2 50. Rxd3 Qe5+ 51. Kh1 Qc5 52. Rf3+ Ke7 53. Rg3 g6 54. Rb3 Qxc6 55. Kh2 a5 56. Rf3 g5 57. Rd3 f5 58. Rg3 Kf6 59. Rd3 f4 60. Rb3 Qc4 61. Rf3 e5 62. Rf2 e4 63. g3 Qc5 64. Rf1 f3 65. g4 Qxa3 66. Kg3 Qd6+ 67. Kf2 Qf4 68. Rb1 e3+ 69. Kf1 Qd4 70. Rc1 Qb2 71. Rc6+ Ke5 72. Ke1 0-1

[Event "COL Intercollegiate-chT U18"]
[Site "Palmira"]
[Date "2017.10.21"]
[Round "6.8"]
[White "Ribero, Guillermo Andres"]
[Black "Basilio Santos, Eleazar"]
[Result "1-0"]
[WhiteElo "1853"]
[BlackElo "1427"]
[PlyCount "158"]
[EventDate "2017.10.19"]
[EventType "swiss"]
[EventRounds "12"]
[EventCountry "COL"]
[SourceTitle "CBM 181 Extra"]
[Source "ChessBase"]
[SourceDate "2017.12.12"]
[SourceVersion "1"]
[SourceVersionDate "2017.12.12"]
[SourceQuality "1"]

1. e4 e5 2. Nf3 Nc6 3. d4 exd4 4. Nxd4 Bc5 5. Nb3 Bb6 6. Nc3 d6 7. Qe2 Nf6 8. Be3 Be6 9. 0-0-0 Nd7 10. f3 0-0 11. g4 Nde5 12. Rg1 Qh4 13. Nd5 Rfc8 14. h3 Na5 15. Nxa5 Bxa5 16. g5 Bxd5 17. Rxd5 Bb6 18. f4 Nc4 19. Rg4 Bxe3+ 20. Kb1 Qf2 21. Qxf2 Bxf2 22. Bxc4 a5 23. f5 Kf8 24. g6 hxg6 25. fxg6 f6 26. Rh5 Be3 27. Rg3 Bd2 28. c3 a4 29. Kc2 Bf4 30. Rg4 Be3 31. Kd3 Bc1 32. Rh8+ Ke7 33. Rh7 Kf8 34. h4 c6 35. h5 d5 36. exd5 b5 37. Kc2 bxc4 38. Kxc1 cxd5 39. h6 gxh6 40. Rf4 Kg8 41. Rxf6 Rf8 42. Rd6 Rf1+ 43. Kc2 Rf2+ 44. Kc1 Rf1+ 45. Kd2 Re8 46. Rxd5 Rf2+ 47. Kc1 Rh2 48. Rd2 Re1+ 49. Kc2 Rxd2+ 50. Kxd2 Rh1 51. Ra7 Rh2+ 52. Ke3 Rxb2 53. Rxa4 Kg7 54. a3 Kxg6 55. Rxc4 Rb3 56. a4 h5 57. Kf3 Rb1 58. Rc5 Rf1+ 59. Kg3 Rd1 60. a5 Kf6 61. a6 Ra1 62. Rxh5 Ke6 63. Kf4 Kd6 64. Ke4 Kc6 65. Kd4 Kb6 66. Rh6+ Ka7 67. Kc5 Rc1 68. Kb4 Rb1+ 69. Kc4 Rb8 70. Rc6 Rd8 71. Kc5 Rd3 72. Kb5 Rd5+ 73. Rc5 Rd6 74. Rc7+ Ka8 75. c4 Kb8 76. Re7 Rd2 77. Kc6 Ra2 78. Kb6 Rb2+ 79. Kc6 Ra2 1-0

[Event "COL Intercollegiate-chT U18"]
[Site "Palmira"]
[Date "2017.10.19"]
[Round "1.2"]
[White "Basilio Santos, Eleazar"]
[Black "Torres Cueto, Jesus Marcial"]
[Result "0-1"]
[WhiteElo "1427"]
[BlackElo "2128"]
[PlyCount "60"]
[EventDate "2017.10.19"]
[EventType "swiss"]
[EventRounds "12"]
[EventCountry "COL"]
[SourceTitle "CBM 181 Extra"]
[Source "ChessBase"]
[SourceDate "2017.12.12"]
[SourceVersion "1"]
[SourceVersionDate "2017.12.12"]
[SourceQuality "1"]

1. d4 e6 2. Bf4 Nf6 3. Nf3 Be7 4. e3 0-0 5. Bd3 c5 6. c3 cxd4 7. exd4 Nc6 8. Nbd2 d6 9. Qc2 Re8 10. Rd1 h6 11. h3 b6 12. 0-0 Bb7 13. Ne4 Nd5 14. Bg3 Rc8 15. Qb1 a6 16. a3 b5 17. Rfe1 Na5 18. Ned2 Nb6 19. Re3 Nac4 20. Nxc4 Nxc4 21. Bxc4 Rxc4 22. b3 Rc8 23. Qd3 Bd5 24. Nd2 Qc7 25. f4 Bf6 26. a4 Qxc3 27. axb5 Bxd4 28. Bf2 Bxe3 29. Qxe3 Qxe3 30. Bxe3 axb5 0-1

[Event "COL-ch sf2 U18"]
[Site "Cartagena"]
[Date "2017.03.10"]
[Round "3.4"]
[White "Angulo Castillo, Francisco"]
[Black "Basilio Santos, Eleazar"]
[Result "1/2-1/2"]
[WhiteElo "1559"]
[BlackElo "1438"]
[PlyCount "40"]
[EventDate "2017.03.09"]
[EventType "swiss"]
[EventRounds "5"]
[EventCountry "COL"]
[SourceTitle "EXT 2024"]
[Source "ChessBase"]
[SourceDate "2023.10.10"]
[SourceVersion "1"]
[SourceVersionDate "2023.10.10"]
[SourceQuality "1"]

1. e4 e5 2. Nf3 Nc6 3. Bb5 a6 4. Ba4 f5 5. exf5 d6 6. d3 Bxf5 7. Nc3 Nf6 8. 0-0 Be7 9. Bb3 Na5 10. Ba4+ b5 11. b4 bxa4 12. bxa5 0-0 13. Nxa4 Bg4 14. Nc3 Nh5 15. Ne4 Bxf3 16. gxf3 Nf4 17. Ng3 Qd7 18. Kh1 Qh3 19. Rg1 Bf6 20. Qf1 Qxh2+ 1/2-1/2

[Event "COL-ch Superate fin-B"]
[Site "Bogota"]
[Date "2016.11.17"]
[Round "5.10"]
[White "Ballesteros Lora, Ruber"]
[Black "Basilio Santos, Eleazar"]
[Result "1-0"]
[WhiteElo "1749"]
[BlackElo "1580"]
[PlyCount "77"]
[EventDate "2016.11.17"]
[EventType "swiss (rapid)"]
[EventRounds "5"]
[EventCountry "COL"]
[SourceTitle "EXT 2024"]
[Source "ChessBase"]
[SourceDate "2023.10.10"]
[SourceVersion "1"]
[SourceVersionDate "2023.10.10"]
[SourceQuality "1"]

1. d4 Nf6 2. Nf3 g6 3. Bf4 Bg7 4. e3 d6 5. h3 0-0 6. Be2 b6 7. 0-0 Bb7 8. c4 Re8 9. Nc3 Nbd7 10. Bh2 Ne4 11. Nd2 Nxd2 12. Qxd2 e6 13. Qd1 e5 14. d5 e4 15. Qc2 Qe7 16. Rac1 Nf6 17. b4 Nh5 18. Rfd1 f5 19. Bxh5 gxh5 20. Qe2 Qf7 21. c5 bxc5 22. bxc5 Bxc3 23. Rxc3 Rad8 24. c6 Bc8 25. Bf4 Qg6 26. h4 Kh8 27. g3 Qg4 28. Qxg4 fxg4 29. Bg5 Ba6 30. Bxd8 Rxd8 31. Ra3 Bc4 32. Rxa7 Rc8 33. Rd4 Bd3 34. Rb4 Kg8 35. Rbb7 Bc4 36. Rxc7 Rb8 37. Rcb7 Rc8 38. c7 Bxd5 39. Rb8 1-0

[Event "COL-ch Superate fin-B"]
[Site "Bogota"]
[Date "2016.11.17"]
[Round "4.8"]
[White "Pena Bermudez, Juan Camilo"]
[Black "Basilio Santos, Eleazar"]
[Result "1-0"]
[WhiteElo "1856"]
[BlackElo "1580"]
[PlyCount "55"]
[EventDate "2016.11.17"]
[EventType "swiss (rapid)"]
[EventRounds "5"]
[EventCountry "COL"]
[SourceTitle "EXT 2024"]
[Source "ChessBase"]
[SourceDate "2023.10.10"]
[SourceVersion "1"]
[SourceVersionDate "2023.10.10"]
[SourceQuality "1"]

1. Nf3 f5 2. c4 Nf6 3. Nc3 g6 4. d4 Bg7 5. g3 0-0 6. Bg2 d6 7. 0-0 Nbd7 8. Ng5 Nb6 9. b3 h6 10. Nf3 Kh7 11. Bb2 Nbd7 12. d5 Nc5 13. Nd4 Rb8 14. f3 e5 15. dxe6 Nxe6 16. Nc2 b6 17. e4 fxe4 18. fxe4 Ng5 19. Nd5 Nfxe4 20. Bxg7 Rxf1+ 21. Qxf1 Kxg7 22. h4 Nxg3 23. Qd3 N5e4 24. Bxe4 Qxh4 25. Qd4+ Kg8 26. Nf6+ Kf7 27. Bxg6+ Kxg6 28. Qxh4 1-0

[Event "COL-ch Superate fin-B"]
[Site "Bogota"]
[Date "2016.11.16"]
[Round "4.9"]
[White "Cabrera, Alexis Jr"]
[Black "Basilio Santos, Eleazar"]
[Result "1/2-1/2"]
[WhiteElo "1472"]
[BlackElo "1580"]
[PlyCount "77"]
[EventDate "2016.11.15"]
[EventType "swiss"]
[EventRounds "5"]
[EventCountry "COL"]
[SourceTitle "EXT 2024"]
[Source "ChessBase"]
[SourceDate "2023.10.10"]
[SourceVersion "1"]
[SourceVersionDate "2023.10.10"]
[SourceQuality "1"]

1. e4 e5 2. Bc4 Nf6 3. d3 h6 4. Nf3 b6 5. Nxe5 d5 6. Bb5+ Bd7 7. Nxd7 Nbxd7 8. exd5 Bd6 9. Qe2+ Be7 10. 0-0 0-0 11. Nc3 Bd6 12. Ne4 Re8 13. Nxf6+ Qxf6 14. Qg4 Ne5 15. Qf4 Qxf4 16. Bxf4 Rf8 17. d4 Nf3+ 18. gxf3 Bxf4 19. Rfe1 Rad8 20. Bc6 f5 21. Re7 Rd6 22. Re6 Rf6 23. Rxf6 Rxf6 24. Kh1 Rg6 25. Rg1 Rxg1+ 26. Kxg1 Bc1 27. b4 Bb2 28. Kg2 Bxd4 29. f4 Kf7 30. Kf3 g5 31. fxg5 hxg5 32. h3 Kf6 33. Ke2 Ke5 34. a4 Kf4 35. f3 Kg3 36. Bd7 Kf4 37. Bc6 Kg3 38. Bd7 Kf4 39. Bc6 1/2-1/2

[Event "Bogota Superate Cat B Avanzado"]
[Site "Bogota"]
[Date "2015.10.14"]
[Round "5.8"]
[White "Pena Bermudez, Juan Camilo"]
[Black "Basilio Santos, Eleazar"]
[Result "1-0"]
[WhiteElo "1804"]
[BlackElo "1573"]
[PlyCount "93"]
[EventDate "2015.10.12"]
[EventType "swiss"]
[EventRounds "5"]
[EventCountry "COL"]
[SourceTitle "EXT 2024"]
[Source "ChessBase"]
[SourceDate "2023.10.10"]
[SourceVersion "1"]
[SourceVersionDate "2023.10.10"]
[SourceQuality "1"]

1. d4 Nf6 2. c4 e6 3. Nc3 Bb4 4. Qc2 d5 5. cxd5 exd5 6. Bg5 Nc6 7. e3 0-0 8. Bd3 h6 9. Bh4 Re8 10. Nge2 Ba5 11. a3 Bb6 12. 0-0 Qd6 13. Bg3 Qd8 14. Rae1 Bg4 15. f3 Bd7 16. Bf2 a6 17. Kh1 Na7 18. b4 Nb5 19. Ra1 Ba7 20. Bg1 c6 21. e4 Be6 22. e5 Nd7 23. f4 f6 24. f5 Bf7 25. e6 Bxe6 26. fxe6 Rxe6 27. Nf4 Rd6 28. Nce2 Bb8 29. Ng3 Nf8 30. Nf5 Rd7 31. a4 Nd6 32. Rae1 Nxf5 33. Bxf5 Re7 34. Qd2 Bd6 35. Nd3 Qc7 36. Rxe7 Qxe7 37. Re1 Qc7 38. Nc5 Bxc5 39. bxc5 Ra7 40. Re8 Qf7 41. Be6 Qxe6 42. Rxe6 Nxe6 43. Qe1 Kf7 44. Qg3 Ra8 45. Qb3 Rb8 46. Qb6 Nf4 47. Qc7+ 1-0